000 00675nam a2200181 a 4500
008 120416s1956 ||||||||||||||||| || u
050 _aHD 6515.T9 Lip
100 _aColeman, James S
245 1 0 _aUnion democracy
246 _athe internal politics of the International Typographical Union
260 _aGlencol, [Ill.]
_bFree Press
_c1956
350 _a0.00
650 _aLABOUR
650 _aINTERNATIONAL TYPOGRAPHICAL UNION
650 _aDEMOCRACY--POLITICAL ASPECTS
700 _aLipset, Seymour Martin
995 _D0.00
_FCBU-MAIN LIBRARY (Kitwe)
_H1
_I0.00
_M1
_UAVAILABLE
_ZAnnex Low-Usage Collection
999 _c60800
_d60800